Určovanie entít v texte pomocou webu

Enregistré dans:
Détails bibliographiques
Auteur principal: Pilňan, Matúš (Auteur)
Autres auteurs: Blšták, Miroslav (Directeur de thèse)
Format: Manuscrit Livre
Langue:slovaque
Publié: 2019
Sujets:
Accès en ligne:http://is.stuba.sk/zp/portal_zp.pl?podrobnosti=134943
Tags: Ajouter un tag
Pas de tags, Soyez le premier à ajouter un tag!

MARC

LEADER 00000ntm a22000003a 4500
001 stuzp75177
003 SK-STU
005 20190622213254.2
007 ta
008 150427s2015----xo-----f-mn---000-0-slo-d
040 |a STU  |b slo 
041 0 |a slo 
100 1 |a Pilňan, Matúš  |u 070200  |4 aut  |U FIIT Fakulta informatiky a informačných technológií  |T FIIT Ústav informatiky, informačných systémov a softvérového inžinierstva  |X 85991  |U I200  |Y 179  |7 85991 
242 0 1 |a Named Entity Recognition Using the Web  |y eng 
245 1 0 |a Určovanie entít v texte pomocou webu 
260 |c 2019 
650 4 |a určovanie pomenovaných entít  |2 slo 
650 4 |a spracovanie prirodzeného jazyka  |2 slo 
650 4 |a slovenský jazyk  |2 slo 
650 4 |a named entity recognition  |2 eng 
650 4 |a natural language processing  |2 eng 
650 4 |a slovak language  |2 eng 
700 1 |a Blšták, Miroslav  |u 070200  |k Z1  |4 ths  |U FIIT Fakulta informatiky a informačných technológií  |T FIIT Ústav informatiky, informačných systémov a softvérového inžinierstva  |X 64307  |U I200  |Y 179  |7 64307 
856 4 |u http://is.stuba.sk/zp/portal_zp.pl?podrobnosti=134943 
996 |c I*BAP125/19  |l II680  |s P  |a 0  |w stuzp75177_0001